[Event "Gibtelecom Masters"]
[Site "Gibraltar"]
[Date "2009.01.30"]
[Round "4.63"]
[White "Chapman, Terry P D"]
[Black "Pali, Gabor"]
[Result "1-0"]
[WhiteElo "2251"]
[BlackElo "2048"]
[PlyCount "169"]
[EventDate "2009.01.27"]

1. Nf3 Nf6 2. c4 c6 3. g3 d5 4. Bg2 e6 5. b3 Nbd7 6. Bb2 a5 7. Nc3 Bd6 8. O-O
O-O 9. Qc2 Re8 10. d3 Nf8 11. e4 dxe4 12. dxe4 e5 13. Rfd1 Qc7 14. Na4 c5 15.
Nc3 Bd7 16. Nd5 Nxd5 17. cxd5 a4 18. Rdc1 Rec8 19. Rab1 b5 20. b4 f6 21. Ba3 c4
22. Qe2 Qb6 23. Rc3 Bg4 24. Bc1 Qd8 25. a3 Qe7 26. Qf1 f5 27. Ne1 fxe4 28. Bxe4
Nd7 29. h3 Bh5 30. Qg2 Rf8 31. g4 Bg6 32. Bxg6 hxg6 33. Qe4 Nf6 34. Qxg6 Nxd5
35. Rf3 e4 36. Rf5 Rxf5 37. Qxf5 Qe5 38. Qxe5 Bxe5 39. Bg5 Ra7 40. Rd1 Rd7 41.
Nc2 Kf7 42. f4 Bc7 43. f5 Nf6 44. Rxd7+ Nxd7 45. Kf2 Bb6+ 46. Be3 Kf6 47. Bd4+
Bxd4+ 48. Nxd4 Nb6 49. Nxb5 Nd5 50. Nd6 c3 51. Nxe4+ Ke5 52. Nc5 c2 53. Ke2
c1=Q 54. Nd3+ Kd4 55. Nxc1 Nc3+ 56. Kf3 Nb5 57. g5 Ke5 58. f6 gxf6 59. g6 Ke6
60. Nd3 f5 61. g7 Kf7 62. Nc5 Kxg7 63. Nxa4 Kg6 64. Kf4 Kf6 65. Nb6 Nxa3 66.
Nd5+ Kg6 67. Ne7+ Kh5 68. Nxf5 Nb5 69. Ke5 Kg5 70. Nd4 Nc3 71. Nf3+ Kh5 72. Kd4
Na4 73. b5 Kg6 74. Ke5 Nb6 75. h4 Kh5 76. Kd6 Kg6 77. Kc6 Nc4 78. b6 Kf6 79. b7
Na5+ 80. Kc7 Nxb7 81. Kxb7 Ke7 82. Kc6 Ke6 83. Kc5 Kf5 84. Kd5 Kf4 85. Ke6 1-0

[Event "Gibtelecom Masters"]
[Site "Gibraltar"]
[Date "2009.01.30"]
[Round "4.65"]
[White "Dasaolu, Adeoye"]
[Black "Salem, Ihab"]
[Result "1/2-1/2"]
[WhiteElo "2024"]
[BlackElo "2171"]
[PlyCount "189"]
[EventDate "2009.01.27"]

1. Nf3 Nf6 2. d4 g6 3. Bg5 Bg7 4. c4 c6 5. Nc3 d5 6. e3 h6 7. Bf4 Bg4 8. Qb3
Qb6 9. Qxb6 axb6 10. cxd5 Nxd5 11. Nxd5 cxd5 12. Ne5 Bxe5 13. Bxe5 O-O 14. f3
Bf5 15. g4 Bd7 16. Kd2 Rc8 17. Bd3 Nc6 18. Bf4 Kg7 19. Rhc1 Nb4 20. Bb1 Rxc1
21. Kxc1 Ba4 22. Kd2 Rc8 23. b3 Bb5 24. a3 Nc6 25. Ba2 g5 26. Bg3 Na5 27. Re1
Bd7 28. Rh1 b5 29. Rc1 Rxc1 30. Kxc1 Nc6 31. b4 e6 32. Kd2 Na7 33. Kc3 Nc8 34.
Bc7 f6 35. Bb1 Kf7 36. Bd3 Ke7 37. f4 Nd6 38. Bxd6+ Kxd6 39. Be2 Be8 40. Kd2
Bd7 41. Ke1 Be8 42. Kf2 Bd7 43. Kg3 Be8 44. Bd3 Bc6 45. Bg6 Bd7 46. Kf3 Bc6 47.
Bh7 Ke7 48. Bd3 Kd7 49. Kf2 Ke7 50. Be2 Bd7 51. Ke1 Bc6 52. Kd2 Bd7 53. Kc3 Be8
54. Kb2 Bd7 55. Bf3 Bc6 56. Kc3 Kd7 57. Bg2 Ke7 58. Bf1 Bd7 59. Bd3 Kd6 60. Kd2
Be8 61. Ke2 Bd7 62. Kf2 Be8 63. Kg3 Bc6 64. Bc2 Ke7 65. h3 Kd6 66. Kf3 Ke7 67.
h4 Kd6 68. Kg3 Ke7 69. hxg5 hxg5 70. Bd3 Kd6 71. Kf2 Ke7 72. Ke2 Kd6 73. Kd2
Kc7 74. Kc3 Kd6 75. Be2 Bd7 76. Bd3 Bc6 77. Kd2 Ke7 78. Ke1 Kd6 79. Kf2 Ke7 80.
Kg3 Kd6 81. Bf1 Ke7 82. Bd3 Kd6 83. Bc2 Ke7 84. Kf2 Kd7 85. Bh7 Ke7 86. Bg8 Kd6
87. Kf3 Be8 88. Bh7 Bc6 89. Bg6 Bd7 90. fxg5 fxg5 91. Bh7 Bc6 92. Bg6 e5 93.
Bf5 e4+ 94. Kg3 Ke7 95. Kh3 1/2-1/2

[Event "Gibtelecom Masters"]
[Site "Gibraltar"]
[Date "2009.01.30"]
[Round "4.66"]
[White "Heinis, Vincent"]
[Black "Brown, Thomas"]
[Result "1-0"]
[WhiteElo "2170"]
[BlackElo "2027"]
[PlyCount "35"]
[EventDate "2009.01.27"]

1. d4 Nf6 2. c4 g6 3. Nc3 Bg7 4. e4 d6 5. h3 Na6 6. Be3 O-O 7. Bd3 e5 8. d5 Nh5
9. g3 Nc5 10. Be2 Nf6 11. Qc2 a5 12. Nf3 Ne8 13. g4 f5 14. gxf5 gxf5 15. Nd2
Nxe4 16. Ndxe4 fxe4 17. Nxe4 Qh4 18. Bg5 1-0

[Event "Gibtelecom Masters"]
[Site "Gibraltar"]
[Date "2009.01.30"]
[Round "4.67"]
[White "Spanton, Tim R"]
[Black "Tate, Alan"]
[Result "0-1"]
[WhiteElo "2008"]
[BlackElo "2170"]
[PlyCount "92"]
[EventDate "2009.01.27"]

1. e4 c5 2. Nf3 d6 3. d4 Nf6 4. Nc3 cxd4 5. Qxd4 a6 6. Bg5 Nc6 7. Qd2 e6 8.
O-O-O h6 9. Bf4 e5 10. Be3 Be6 11. Kb1 Rc8 12. g3 b5 13. Bd3 Qa5 14. Nd5 Bxd5
15. Qxa5 Nxa5 16. exd5 e4 17. Bb6 exd3 18. Rde1+ Kd7 19. Bxa5 dxc2+ 20. Kc1
Nxd5 21. Re4 Be7 22. Rd4 Nc7 23. Ne5+ Ke6 24. Ng4 f5 25. Re1+ Kf7 26. Ne3 g6
27. h4 h5 28. Nxc2 Ne6 29. Rd5 Rc5 30. Red1 Rhc8 31. Rxc5 dxc5 32. Rd5 Rc6 33.
Kd2 Rd6 34. Rxd6 Bxd6 35. Bc3 f4 36. gxf4 Nxf4 37. Ne3 Ke6 38. Bg7 Be5 39. Bxe5
Kxe5 40. f3 Kd4 41. Nc2+ Kd5 42. Ne3+ Ke5 43. Kc3 Nd5+ 44. Nxd5 Kxd5 45. Kd3
c4+ 46. Ke3 Ke5 0-1

[Event "Gibtelecom Masters"]
[Site "Gibraltar"]
[Date "2009.01.30"]
[Round "4.68"]
[White "Pettersen, Joar Gullestad"]
[Black "Byron, Alan M"]
[Result "0-1"]
[WhiteElo "2016"]
[BlackElo "2162"]
[PlyCount "66"]
[EventDate "2009.01.27"]

1. e4 c6 2. d4 d5 3. e5 Bf5 4. Nf3 e6 5. Be2 c5 6. O-O Nc6 7. Be3 Qb6 8. b3 Bg4
9. Nbd2 cxd4 10. Bxd4 Nxd4 11. Nxd4 Qxd4 12. Bxg4 Bb4 13. Qe2 Qxd2 14. Qb5+ Kf8
15. c4 Be7 16. Qxb7 Rd8 17. Qxa7 Qf4 18. Bf3 Qxe5 19. Rfe1 Qd6 20. cxd5 exd5
21. Rac1 h5 22. Rc7 Rh6 23. a4 Re6 24. Rd1 Nf6 25. g3 h4 26. Kg2 g5 27. h3 hxg3
28. fxg3 Ne4 29. Bxe4 Rxe4 30. Rc2 Qe5 31. Qf2 Rd6 32. Qf3 g4 33. Qxg4 Rxg4 0-1

[Event "Gibtelecom Masters"]
[Site "Gibraltar"]
[Date "2009.01.30"]
[Round "4.69"]
[White "Gavriel, Tryfon C"]
[Black "Suez-Panama, Gilles"]
[Result "0-1"]
[WhiteElo "2161"]
[BlackElo "2032"]
[PlyCount "64"]
[EventDate "2009.01.27"]

1. e4 e6 2. b3 d5 3. Bb2 dxe4 4. Nc3 Nf6 5. g4 Bd7 6. g5 Nd5 7. Nxe4 h6 8. c4
Nf4 9. gxh6 Rxh6 10. Qf3 Rh4 11. Qe3 Bc6 12. f3 Na6 13. O-O-O Qd7 14. d4 Bxe4
15. fxe4 Ng6 16. Nf3 Rh8 17. h4 O-O-O 18. h5 Ne7 19. d5 Kb8 20. Ne5 Qe8 21. Be2
f6 22. Nd3 exd5 23. e5 dxc4 24. bxc4 Nf5 25. Qf4 g6 26. hxg6 Rxh1 27. Rxh1 Qxg6
28. Qe4 Qg5+ 29. Qf4 Qg6 30. Kb1 Ng3 31. Qg4 Qxg4 32. Bxg4 Nxh1 0-1

[Event "Gibtelecom Masters"]
[Site "Gibraltar"]
[Date "2009.01.30"]
[Round "4.70"]
[White "Benson, Oisin P"]
[Black "Perez Aleman, Pedro Tomas"]
[Result "0-1"]
[WhiteElo "1957"]
[BlackElo "2160"]
[PlyCount "52"]
[EventDate "2009.01.27"]

1. d4 Nf6 2. c4 e6 3. Nc3 d5 4. cxd5 exd5 5. Bg5 c6 6. e3 Bb4 7. Qc2 h6 8. Bh4
g5 9. Bg3 Ne4 10. Be5 f6 11. Bxb8 Rxb8 12. a3 Qa5 13. Rc1 Bxc3+ 14. bxc3 Qxa3
15. f3 Nd6 16. Qg6+ Ke7 17. Qg7+ Nf7 18. Rc2 Bf5 19. e4 dxe4 20. fxe4 Bxe4 21.
Re2 Qxc3+ 22. Kf2 Qxd4+ 23. Ke1 Rbg8 24. Nf3 Qc3+ 25. Kf2 Rxg7 26. Rxe4+ Kf8
0-1

[Event "Gibtelecom Masters"]
[Site "Gibraltar"]
[Date "2009.01.30"]
[Round "4.72"]
[White "Knight, Simon"]
[Black "Zanetti, Bruno"]
[Result "1/2-1/2"]
[WhiteElo "2148"]
[BlackElo "2008"]
[PlyCount "102"]
[EventDate "2009.01.27"]

1. d4 d5 2. Nf3 e6 3. e3 f5 4. c4 c6 5. Nc3 Nf6 6. Bd3 Be7 7. Qe2 O-O 8. O-O
Ne4 9. Ne5 Nd7 10. Nxd7 Bxd7 11. f3 Nxc3 12. bxc3 Kh8 13. Rb1 Qc7 14. f4 Rae8
15. Rb3 a6 16. c5 Rg8 17. Bd2 g5 18. Rfb1 Bc8 19. Be1 gxf4 20. exf4 Qxf4 21.
Bg3 Qg5 22. Be5+ Bf6 23. Bxf6+ Qxf6 24. Re1 Re7 25. Qe5 Qxe5 26. Rxe5 Reg7 27.
Bf1 Rg4 28. Rb2 Re4 29. Rxe4 fxe4 30. Rf2 Kg7 31. Be2 Rf8 32. Rxf8 Kxf8 33. Kf2
Ke7 34. Kg3 Kf6 35. Kf4 Bd7 36. Bh5 h6 37. h4 Ke7 38. Ke5 Be8 39. Be2 Bg6 40.
g4 Bf7 41. g5 h5 42. Bf1 Bg6 43. c4 Be8 44. Be2 a5 45. a3 Bg6 46. Bf1 Bf5 47.
cxd5 cxd5 48. Be2 Bg6 49. Bf1 Be8 50. Bh3 Bf7 51. Kf4 Bg6 1/2-1/2

[Event "Gibtelecom Masters"]
[Site "Gibraltar"]
[Date "2009.01.30"]
[Round "4.75"]
[White "Green, Andrew D"]
[Black "Webster, Richard J"]
[Result "1-0"]
[WhiteElo "2136"]
[BlackElo "1956"]
[PlyCount "67"]
[EventDate "2009.01.27"]

1. e4 e6 2. d3 d5 3. Qe2 Be7 4. Nf3 c5 5. g3 Nc6 6. Bg2 dxe4 7. dxe4 e5 8. c3
Nf6 9. O-O O-O 10. Rd1 Qc7 11. Na3 a6 12. Nc2 b5 13. Ne3 h6 14. Nd5 Qa7 15. Nh4
Re8 16. Qf3 Nh7 17. Nf5 Bf8 18. h4 Ne7 19. Nd6 Nxd5 20. Nxe8 Ndf6 21. Nxf6+
Nxf6 22. Qe2 Be6 23. Be3 Ng4 24. Bc1 c4 25. Bf3 Nxf2 26. Be3 Nh3+ 27. Kg2 Bc5
28. Bxc5 Qxc5 29. Rf1 Qc8 30. Qe3 g5 31. Bh5 Kg7 32. Qf3 f5 33. exf5 Bxf5 34.
Kh2 1-0

[Event "Gibtelecom Masters"]
[Site "Gibraltar"]
[Date "2009.01.30"]
[Round "4.79"]
[White "Kuenitz, Klaus"]
[Black "Arnott, Jonathan W"]
[Result "0-1"]
[WhiteElo "1663"]
[BlackElo "2117"]
[PlyCount "74"]
[EventDate "2009.01.27"]

1. d4 d5 2. c4 c6 3. cxd5 cxd5 4. Nc3 Nf6 5. Nf3 a6 6. Bf4 b5 7. Ne5 e6 8. e3
Bd6 9. Rc1 O-O 10. Bd3 Bb7 11. O-O Nc6 12. Nxc6 Bxc6 13. Bg5 h6 14. Bh4 e5 15.
Bb1 Rc8 16. Bf5 Rc7 17. Bg3 exd4 18. Bxd6 Qxd6 19. Qxd4 Rd8 20. Rfd1 g6 21. Bh3
Bd7 22. Bxd7 Rcxd7 23. Qh4 Kg7 24. Ne2 Qe5 25. Qd4 Qd6 26. Rc5 Re8 27. Qc3 Re4
28. Rc6 Qe7 29. Nd4 b4 30. Qd3 a5 31. Rdc1 Ng4 32. h3 Ne5 33. Qb5 Nxc6 34. Nxc6
Qf6 35. Nd4 Qe7 36. Qxa5 Rxe3 37. Nf3 Rxf3 0-1

[Event "Gibtelecom Masters"]
[Site "Gibraltar"]
[Date "2009.01.30"]
[Round "4.81"]
[White "Vinas Guerrero, Carlos A"]
[Black "Szabo, Gabor"]
[Result "1-0"]
[WhiteElo "2104"]
[BlackElo "1862"]
[PlyCount "67"]
[EventDate "2009.01.27"]

1. e4 c5 2. Nf3 Nc6 3. c3 d5 4. exd5 Qxd5 5. d4 Bg4 6. Be2 cxd4 7. cxd4 e5 8.
Nc3 Bb4 9. O-O Bxc3 10. bxc3 Bxf3 11. Bxf3 e4 12. Bxe4 Qc4 13. Qb3 Qxb3 14.
axb3 Nf6 15. Bf3 O-O 16. Re1 Rfe8 17. Bg5 Nd7 18. Rxe8+ Rxe8 19. Kf1 Ndb8 20.
Bf4 h6 21. b4 g5 22. Bxb8 Rxb8 23. Bxc6 bxc6 24. Rxa7 Rc8 25. Ke2 Kg7 26. Kd3
Kf6 27. Kc4 Ke6 28. Kc5 h5 29. Kb6 Rd8 30. Kxc6 Rc8+ 31. Rc7 Ra8 32. d5+ Kf6
33. b5 Ra3 34. c4 1-0

[Event "Gibtelecom Masters"]
[Site "Gibraltar"]
[Date "2009.01.30"]
[Round "4.82"]
[White "Ercan, Mehmet Fahri"]
[Black "Gonzalez Amaya, Millan"]
[Result "1-0"]
[WhiteElo "2091"]
[BlackElo "1831"]
[PlyCount "53"]
[EventDate "2009.01.27"]

1. e4 e5 2. Nf3 Nf6 3. Nc3 Qe7 4. Bc4 h6 5. O-O c6 6. Re1 d6 7. d4 Nbd7 8. h3
g5 9. Nh2 Bg7 10. d5 Nf8 11. Be3 Ng6 12. f3 Nh5 13. Qd2 Nh4 14. Rad1 c5 15.
Bb5+ Kf8 16. Bf1 Ng6 17. Qf2 Ngf4 18. Nb5 a6 19. Nxd6 b6 20. Nxc8 Rxc8 21. Bxa6
Rd8 22. a4 Nf6 23. a5 Qa7 24. Bf1 Qxa5 25. Ra1 Qb4 26. c3 Nxe4 27. Qc2 1-0

[Event "Gibtelecom Masters"]
[Site "Gibraltar"]
[Date "2009.01.30"]
[Round "4.84"]
[White "Garcia Lechugo, Francisco"]
[Black "Daoudi, Kamal"]
[Result "0-1"]
[WhiteElo "1688"]
[BlackElo "2209"]
[PlyCount "64"]
[EventDate "2009.01.27"]

1. a3 e5 2. g3 d5 3. Bg2 Nf6 4. d3 Bc5 5. e3 O-O 6. Ne2 Re8 7. O-O Bg4 8. h3
Bh5 9. Nd2 Qd7 10. Nf3 Bxf3 11. Bxf3 Qxh3 12. Re1 Nc6 13. Bg2 Qe6 14. Kf1 Rad8
15. Ng1 e4 16. Bh3 Qe7 17. d4 Bd6 18. Ke2 Na5 19. Bd2 Nc4 20. Rb1 c5 21. c3 Qc7
22. Qa4 b5 23. Qc2 cxd4 24. cxd4 Qb6 25. Bc3 Re7 26. Qc1 Rc7 27. Kf1 a5 28. Re2
b4 29. axb4 axb4 30. Rc2 bxc3 31. bxc3 Qc6 32. Ne2 Na3 0-1

[Event "Gibtelecom Masters"]
[Site "Gibraltar"]
[Date "2009.01.30"]
[Round "4.85"]
[White "Mundaca Alvarez, Juan Carl"]
[Black "Valhondo Morales, Ruben"]
[Result "1-0"]
[WhiteElo "2105"]
[BlackElo "1754"]
[PlyCount "45"]
[EventDate "2009.01.27"]

1. d4 Nf6 2. Nf3 d5 3. Bg5 Ne4 4. Bf4 c5 5. e3 Nc6 6. c3 Qb6 7. Qc1 Bf5 8. Be2
Rc8 9. O-O h6 10. dxc5 Nxc5 11. Rd1 e6 12. Na3 Na4 13. Nb5 a6 14. Nbd4 Nxd4 15.
Nxd4 Nxb2 16. Bb5+ axb5 17. Qxb2 Bg6 18. Nxb5 Qc5 19. c4 dxc4 20. Nd6+ Bxd6 21.
Bxd6 Qc6 22. Qxg7 Bd3 23. Bb4 1-0

[Event "Gibtelecom Masters"]
[Site "Gibraltar"]
[Date "2009.01.30"]
[Round "4.91"]
[White "Escofet Llongueras, Joan"]
[Black "Yarur Elsaca, Daniel"]
[Result "1-0"]
[WhiteElo "1889"]
[BlackElo "1805"]
[PlyCount "71"]
[EventDate "2009.01.27"]

1. c4 Nf6 2. Nc3 g6 3. g3 Bg7 4. Bg2 O-O 5. e4 d6 6. Nge2 e5 7. O-O Nc6 8. d3
Nh5 9. f4 f5 10. h3 exf4 11. gxf4 Qh4 12. Qe1 Qd8 13. Be3 Nb4 14. Qd2 Nc6 15.
Rae1 Be6 16. b3 Qd7 17. Kh2 Rad8 18. d4 Ne7 19. d5 Bf7 20. Bd4 Bxd4 21. Nxd4 c6
22. exf5 gxf5 23. Ne6 Bxe6 24. Rxe6 Ng6 25. Ne2 Qg7 26. dxc6 bxc6 27. Bxc6 Kh8
28. Rg1 Qc7 29. Bd5 Qc5 30. Qc3+ Ng7 31. Rg2 Rd7 32. Rf6 Re8 33. Bf7 Re3 34.
Bxg6 Rd8 35. Qb2 hxg6 36. Rfxg6 1-0

[Event "Gibtelecom Masters"]
[Site "Gibraltar"]
[Date "2009.01.31"]
[Round "5.4"]
[White "Golod, Vitali"]
[Black "Avrukh, Boris"]
[Result "1/2-1/2"]
[WhiteElo "2575"]
[BlackElo "2645"]
[PlyCount "154"]
[EventDate "2009.01.27"]

1. d4 Nf6 2. c4 g6 3. Nc3 d5 4. cxd5 Nxd5 5. e4 Nxc3 6. bxc3 Bg7 7. Ba3 Nd7 8.
Bc4 c5 9. Qb3 O-O 10. Nf3 Rb8 11. O-O b5 12. Be2 b4 13. cxb4 cxd4 14. Rad1 Nc5
15. Qc2 Ne6 16. Bc4 Bd7 17. Qd2 Qb6 18. Rfe1 Rfd8 19. Bb3 Qa6 20. Bb2 Ba4 21.
Bxa4 Qxa4 22. a3 a5 23. bxa5 Rb3 24. e5 d3 25. Bc3 Rc8 26. Rc1 Nf4 27. Nd4 Bh6
28. Nxb3 Ne2+ 29. Rxe2 Bxd2 30. Rxd2 Qxb3 31. Rxd3 Qxa3 32. Rc2 Qa4 33. Rc1
Qxa5 34. h3 Qa3 35. Rc2 Qa4 36. Rc1 h6 37. Re1 Qc2 38. Ree3 Rb8 39. Rf3 Qc1+
40. Kh2 g5 41. Rde3 Qc2 42. Rd3 Qc1 43. Rde3 Kg7 44. Re1 Qc2 45. Ba1 Rd8 46.
Bc3 Kg6 47. Kg1 Rb8 48. Rfe3 h5 49. R1e2 Qd1+ 50. Re1 Qd5 51. R3e2 Rb3 52. Re3
Ra3 53. Bb4 Ra7 54. Ba3 Qd4 55. Re4 Qb6 56. R4e3 Kf5 57. Rd1 Ke6 58. Rde1 Ra4
59. Bc1 Ra1 60. R3e2 Qb4 61. Kf1 g4 62. hxg4 Qxg4 63. Bb2 Ra4 64. Re3 Ra2 65.
R1e2 Qc4 66. Rc3 Qb5 67. Rcc2 Ra4 68. Kg1 Qb7 69. Rc3 Rg4 70. Rg3 Qb5 71. Rge3
Qd5 72. f3 Rc4 73. Bc3 Qb5 74. Be1 Rc1 75. Re4 Qb1 76. Kh2 Rd1 77. Kh3 Qc1
1/2-1/2

[Event "Gibtelecom Masters"]
[Site "Gibraltar"]
[Date "2009.01.31"]
[Round "5.9"]
[White "Kiik, Kalle"]
[Black "Ganguly, Surya Shekhar"]
[Result "1/2-1/2"]
[WhiteElo "2466"]
[BlackElo "2614"]
[PlyCount "82"]
[EventDate "2009.01.27"]

1. c4 e5 2. g3 Nf6 3. Bg2 d5 4. cxd5 Nxd5 5. Nf3 Nc6 6. O-O Nb6 7. d3 Be7 8.
Nbd2 O-O 9. a3 a5 10. b3 f6 11. Bb2 Be6 12. Qc2 Qd7 13. Rfd1 Rad8 14. Nc4 Nxc4
15. bxc4 Nd4 16. Bxd4 exd4 17. e3 dxe3 18. fxe3 Rfe8 19. Qc3 b6 20. d4 Bh3 21.
Ra2 Bxg2 22. Kxg2 Bf8 23. Re2 Qg4 24. Rd3 Qe4 25. Kf2 Kh8 26. Nd2 Qg4 27. Nf3
Re4 28. Qb3 Rde8 29. Qb5 Qg6 30. Nh4 Qf7 31. Nf3 Rd8 32. Rc3 g6 33. Qc6 Re6 34.
Qb5 Bh6 35. c5 Qe7 36. cxb6 cxb6 37. a4 Re8 38. Qb3 Qd7 39. Qc4 R6e7 40. Qb3
Qf5 41. Qb5 Qe6 1/2-1/2

[Event "Gibtelecom Masters"]
[Site "Gibraltar"]
[Date "2009.01.31"]
[Round "5.16"]
[White "Solomon, Kenny"]
[Black "Gordon, Stephen J"]
[Result "1/2-1/2"]
[WhiteElo "2348"]
[BlackElo "2524"]
[PlyCount "62"]
[EventDate "2009.01.27"]

1. d4 Nf6 2. c4 e6 3. Nf3 d5 4. Nc3 Be7 5. Bg5 h6 6. Bh4 O-O 7. e3 b6 8. Bd3
Bb7 9. O-O Nbd7 10. Qe2 c5 11. Rfd1 Ne4 12. Bg3 Nxg3 13. hxg3 cxd4 14. Nxd4 Nf6
15. Rac1 dxc4 16. Bxc4 Qb8 17. Ba6 Rd8 18. Bxb7 Qxb7 19. Qf3 Qxf3 20. gxf3 Rdc8
21. f4 Bc5 22. Nce2 a6 23. Kg2 g6 24. Nb3 Bf8 25. Ned4 Ne4 26. Rc6 Rxc6 27.
Nxc6 Rc8 28. Rc1 Rc7 29. Ne5 Rxc1 30. Nxc1 Bg7 31. Ncd3 Bxe5 1/2-1/2

[Event "Gibtelecom Masters"]
[Site "Gibraltar"]
[Date "2009.01.31"]
[Round "5.17"]
[White "Maryasin, Boris"]
[Black "Berczes, David"]
[Result "1/2-1/2"]
[WhiteElo "2340"]
[BlackElo "2513"]
[PlyCount "138"]
[EventDate "2009.01.27"]

1. e4 c5 2. Nf3 Nc6 3. d4 cxd4 4. Nxd4 Nf6 5. Nc3 e5 6. Ndb5 d6 7. Bg5 a6 8.
Na3 b5 9. Bxf6 gxf6 10. Nd5 Bg7 11. c3 f5 12. exf5 Bxf5 13. Nc2 Be6 14. g3 O-O
15. Bg2 a5 16. O-O Rb8 17. Qe2 Qd7 18. Rad1 f5 19. Rd2 Kh8 20. Rfd1 Qf7 21. f4
e4 22. Nde3 Bxa2 23. Rxd6 Ne7 24. Nd4 Bc4 25. Nxc4 Qxc4 26. Qxc4 bxc4 27. Rd7
Bf6 28. Ne6 Rg8 29. R1d2 a4 30. Bf1 e3 31. Re2 Ng6 32. Rf7 a3 33. bxa3 Bxc3 34.
Rc2 Rb3 35. Bxc4 Rxa3 36. Kf1 h6 37. Rxf5 Rc8 38. Bd3 Rc6 39. Rc5 Rxc5 40. Nxc5
Ne7 41. Ke2 Nd5 42. Ne4 Bd4 43. Rc8+ Kg7 44. Rd8 Nc3+ 45. Nxc3 Bxc3 46. Rd7+
Kf8 47. Kxe3 Ra2 48. Be2 Bb4 49. Rh7 Bc5+ 50. Kf3 Ra3+ 51. Kg4 Ra2 52. Bf1 Rxh2
53. Bh3 Rb2 54. Rxh6 Bf2 55. Bg2 Rb6 56. Bc6 Kg7 57. Rd6 Rb3 58. Bf3 Rb6 59.
Rd7+ Kf8 60. Be4 Rb3 61. Bd3 Rb4 62. Kf3 Rd4 63. Rxd4 Bxd4 64. Ke4 Bb6 65. g4
Kg7 66. Kf5 Bc7 67. g5 Bd6 68. Kg4 Bc7 69. f5 Bd8 1/2-1/2

[Event "Gibtelecom Masters"]
[Site "Gibraltar"]
[Date "2009.01.31"]
[Round "5.22"]
[White "Sandipan, Chanda"]
[Black "Quillan, Gary"]
[Result "1-0"]
[WhiteElo "2568"]
[BlackElo "2357"]
[PlyCount "70"]
[EventDate "2009.01.27"]

1. e4 e6 2. d4 d5 3. e5 c5 4. c3 Nc6 5. Nf3 Bd7 6. Be2 Nge7 7. O-O Nf5 8. Bd3
cxd4 9. Bxf5 exf5 10. Nxd4 Be6 11. Nd2 Qd7 12. N2f3 h6 13. h4 Be7 14. h5 Rg8
15. Be3 g5 16. hxg6 Rxg6 17. b4 Nxd4 18. Nxd4 O-O-O 19. f4 Rdg8 20. Rf2 Bh4 21.
Rd2 Rg3 22. Nf3 d4 23. Bxd4 Be7 24. Kh1 Qc6 25. Bg1 h5 26. Bh2 R3g4 27. Nd4 Qe4
28. Qf3 Bd5 29. Rf1 h4 30. Nxf5 h3 31. Nxe7+ Kb8 32. Qxh3 Rxg2 33. Rxg2 Qe2 34.
Nxd5 Qxf1+ 35. Bg1 Rd8 1-0

[Event "Gibtelecom Masters"]
[Site "Gibraltar"]
[Date "2009.01.31"]
[Round "5.25"]
[White "Papp, Gabor"]
[Black "Fruebing, Stefan"]
[Result "1/2-1/2"]
[WhiteElo "2517"]
[BlackElo "2307"]
[PlyCount "75"]
[EventDate "2009.01.27"]

1. e4 c5 2. Nf3 Nc6 3. d4 cxd4 4. Nxd4 g6 5. Nc3 Bg7 6. Be3 Nf6 7. Bc4 O-O 8.
Bb3 d6 9. f3 Bd7 10. Qd2 Rc8 11. O-O-O Nxd4 12. Bxd4 b5 13. Nd5 Nxd5 14. Bxg7
Kxg7 15. exd5 a5 16. a3 b4 17. axb4 axb4 18. Qxb4 Kg8 19. Rhe1 Re8 20. Rd4 Rc5
21. Kd1 Qa8 22. Ke2 Qa7 23. Qd2 Rb8 24. Qe3 Bf5 25. Rd2 e5 26. Kf2 h5 27. g3
Rb4 28. Kg2 Kg7 29. Qf2 Qa5 30. h3 Rc8 31. Kh2 g5 32. Rg1 Bg6 33. Qe3 Qd8 34.
Rf2 Qf6 35. Qd2 Rcb8 36. Qc3 h4 37. Rfg2 hxg3+ 38. Rxg3 1/2-1/2

[Event "Gibtelecom Masters"]
[Site "Gibraltar"]
[Date "2009.01.31"]
[Round "5.26"]
[White "Carlsson, Pontus"]
[Black "Csonka, Attila Istvan"]
[Result "1/2-1/2"]
[WhiteElo "2509"]
[BlackElo "2289"]
[PlyCount "73"]
[EventDate "2009.01.27"]

1. d4 Nf6 2. Nf3 e6 3. c4 b6 4. g3 Ba6 5. Qc2 Bb7 6. Bg2 c5 7. d5 exd5 8. cxd5
Nxd5 9. O-O Be7 10. Rd1 Qc8 11. a3 Nc7 12. e4 O-O 13. Nc3 Nc6 14. Be3 d6 15.
Bf4 Ne6 16. Nd5 Nxf4 17. Nxf4 Ne5 18. Nd5 Bxd5 19. Rxd5 Nc6 20. Rad1 Rb8 21. h4
Rd8 22. Kh2 Qc7 23. b4 Ne5 24. Nd4 Ng4+ 25. Kg1 Nf6 26. Rf5 Qd7 27. Ne2 Qe8 28.
Nc3 cxb4 29. axb4 Rbc8 30. Qb3 Qc6 31. Nd5 Nxd5 32. Rfxd5 Qc7 33. b5 g6 34. h5
Kg7 35. Qb2+ Qc3 36. Qa2 Qa5 37. Qb2+ 1/2-1/2

[Event "Gibtelecom Masters"]
[Site "Gibraltar"]
[Date "2009.01.31"]
[Round "5.28"]
[White "Arakhamia-Grant, Ketevan"]
[Black "Rasch, Holger"]
[Result "1-0"]
[WhiteElo "2500"]
[BlackElo "2301"]
[PlyCount "75"]
[EventDate "2009.01.27"]

1. e4 d5 2. exd5 Qxd5 3. Nc3 Qa5 4. d4 Nf6 5. Bc4 Bg4 6. Nge2 Nc6 7. Be3 O-O-O
8. f3 Bf5 9. a3 Ne5 10. b4 Qb6 11. Bb3 Be6 12. Bf2 Bxb3 13. cxb3 Ng6 14. O-O e6
15. d5 c5 16. Rc1 Nxd5 17. bxc5 Qa6 18. Qc2 Ne5 19. Rfd1 Be7 20. Nxd5 Rxd5 21.
Rxd5 exd5 22. Rd1 Rd8 23. Nf4 Qf6 24. Nxd5 Nxf3+ 25. Kh1 Rxd5 26. Rxd5 Ne5 27.
h3 g6 28. b4 Bd8 29. Qe2 Nd7 30. Bg3 Qc3 31. Rd3 Qc4 32. Qd1 Qe6 33. Rd6 Qe7
34. c6 bxc6 35. Rxc6+ Kb7 36. Rd6 Kc8 37. Qc2+ Kb7 38. Qc6+ 1-0

[Event "Gibtelecom Masters"]
[Site "Gibraltar"]
[Date "2009.01.31"]
[Round "5.30"]
[White "Trent, Lawrence"]
[Black "Peredy, Ferenc"]
[Result "1/2-1/2"]
[WhiteElo "2487"]
[BlackElo "2252"]
[PlyCount "60"]
[EventDate "2009.01.27"]

1. e4 c6 2. d4 d5 3. f3 g6 4. Nc3 Bg7 5. Be3 dxe4 6. fxe4 Nf6 7. Nf3 O-O 8. Qd2
Ng4 9. Bg5 h6 10. Bh4 c5 11. Nd5 Nc6 12. h3 Nf6 13. Nxf6+ exf6 14. d5 Nd4 15.
Nxd4 cxd4 16. Bd3 g5 17. Bf2 f5 18. O-O-O Qd6 19. Rhe1 Bd7 20. Kb1 Rfe8 21. Bf1
Rxe4 22. Rxe4 fxe4 23. Bxd4 f5 24. Bxg7 Kxg7 25. Be2 Qe5 26. g3 b6 27. Qe3 f4
28. gxf4 gxf4 29. Rg1+ Kh7 30. Qa3 f3 1/2-1/2

[Event "Gibtelecom Masters"]
[Site "Gibraltar"]
[Date "2009.01.31"]
[Round "5.31"]
[White "Malmdin, Nils-Ake"]
[Black "Nemeth, Miklos"]
[Result "1/2-1/2"]
[WhiteElo "2256"]
[BlackElo "2472"]
[PlyCount "78"]
[EventDate "2009.01.27"]

1. e4 e5 2. Nf3 Nc6 3. Nc3 Nf6 4. Bb5 Bb4 5. d3 d6 6. O-O O-O 7. Bg5 Bxc3 8.
bxc3 Qe7 9. Re1 Nd8 10. d4 Bg4 11. h3 Bh5 12. g4 Bg6 13. Bf1 Ne6 14. Bh4 Nf4
15. Nd2 h5 16. Qf3 hxg4 17. hxg4 Qe6 18. Bxf6 Qxf6 19. Qg3 Rfe8 20. Rab1 Rab8
21. d5 c6 22. c4 Rec8 23. c3 Qd8 24. Rb3 Qa5 25. a3 Rc7 26. Qe3 Rbc8 27. c5
cxd5 28. cxd6 Rd7 29. exd5 Qxd5 30. Rb5 Qxd6 31. Nc4 Qf6 32. Rxe5 Nd3 33. g5
Qd8 34. Re8+ Qxe8 35. Qxe8+ Rxe8 36. Rxe8+ Kh7 37. Bxd3 Rxd3 38. Re3 Rd1+ 39.
Kg2 Rd5 1/2-1/2

[Event "Gibtelecom Masters"]
[Site "Gibraltar"]
[Date "2009.01.31"]
[Round "5.33"]
[White "Socko, Monika"]
[Black "Kozlov, Oleg"]
[Result "0-1"]
[WhiteElo "2449"]
[BlackElo "2187"]
[PlyCount "92"]
[EventDate "2009.01.27"]

1. e4 c5 2. Nf3 e6 3. d4 cxd4 4. Nxd4 Nf6 5. Nc3 Bb4 6. Bd3 Nc6 7. Nxc6 dxc6 8.
e5 Nd7 9. f4 Nc5 10. O-O Nxd3 11. cxd3 b6 12. Qf3 Bb7 13. f5 exf5 14. Qxf5 O-O
15. Be3 Bxc3 16. bxc3 c5 17. c4 Rc8 18. Rad1 Rc6 19. Rd2 Rg6 20. Rdf2 Qe8 21.
Bd2 Qc6 22. Qh3 Bc8 23. Qe3 Rd8 24. Bc3 Bb7 25. Rf3 Qd7 26. Rg3 Qxd3 27. Qxd3
Rxd3 28. Rxd3 Rxg2+ 29. Kh1 Rg3+ 30. Rd5 Rxc3 31. Kg1 Bxd5 32. cxd5 Rd3 33. d6
f6 34. exf6 Rxd6 35. fxg7 Rd2 36. Re1 Rxa2 37. Re7 c4 38. Rc7 b5 39. h4 h5 40.
Kf1 a5 41. Ke1 a4 42. Rc5 Rb2 43. Kd1 a3 44. Kc1 Kxg7 45. Rxh5 c3 46. Rc5 a2
0-1